LEADER 00903nam0 2200277 450 001 000007778 005 20070412114145.0 010 $a88-470-0239-7 100 $a20070412d2004----km-y0itay50------ba 101 0 $aita 102 $aIT 105 $aa-------001yy 200 1 $aPsicologia e psicobiologia dell'apprendimento$fLaura Mandolesi, Domenico Passafiume 210 $aMilano$cSpringer$dc2004 215 $aXII, 97 p.$cill.$d24 cm 225 2 $aMetodologie riabilitative in logopedia$v9 410 0$12001$aMetodologie riabilitative in logopedia 610 1 $aApprendimento 676 $a153.15$v20 700 1$aMandolesi,$bLaura$0609098 701 1$aPassafiume,$bDomenico$0573752 801 0$aIT$bUNIPARTHENOPE$c20070412$gRICA$2UNIMARC 912 $a000007778 951 $a153-P/2$b39312$cNAVA1$d2007 996 $aPsicologia e psicobiologia dell'apprendimento$91112324 997 $aUNIPARTHENOPE LEADER 00756nam0-22002771i-450- 001 990003319210403321 005 20081217133138.0 035 $a000331921 035 $aFED01000331921 035 $a(Aleph)000331921FED01 035 $a000331921 100 $a20030910f19001999km-y0itay50------ba 101 0 $ager 105 $ay-------001yy 200 1 $aBiographische Schriften$fGoethe 210 $aMünchen$cGoldmann$d[19?] 610 0 $aLetteratura tedesca 676 $a830 700 1$aGoethe,$bJohann Wolfgang von$f<1749-1832>$0151776 801 0$aIT$bUNINA$gRICA$2UNIMARC 901 $aBK 912 $a990003319210403321 952 $a830 GOE /24$bLINGUE 420$fDECLI 959 $aDECLI 996 $aBiographische Schriften$9447261 997 $aUNINA LEADER 01233nam a2200277 i 4500 001 991002406719707536 005 20020503164923.0 008 001103s1982 it ||| | ita 035 $ab10360037-39ule_inst 035 $aEXGIL103368$9ExL 040 $aBiblioteca Interfacoltà$bita 082 0 $a342 110 2 $aCENSIS$09271 245 13$aIl decentramento dei servizi socio-assistenziali :$bindagine conoscitiva sullo stato di attuazione del DPR n. 616/1977 nel settore socio assistenziale /$ccondotta dal Centro studi investimenti sociali (Censis) nel luglio 1981 260 $a[Roma] :$bMinistero dell'interno, Direzione generale dei servizi civili,$c1982 300 $aIII, 411 p. ;$c26 cm. 490 0 $aStudi, ricerche e documentazione 500 $aEd. f. c 650 4$aAssociazioni assistenziali$xLegislazione 650 4$aRegione - Funzioni in materia di assistenza sociale 907 $a.b10360037$b21-02-17$c27-06-02 912 $a991002406719707536 945 $aLE002 Dir. IV G 8$g1$i2002000477071$lle002$o-$pE0.00$q-$rl$s- $t0$u2$v0$w2$x0$y.i10421233$z27-06-02 996 $aDecentramento dei servizi socio-assistenziali$9203756 997 $aUNISALENTO 998 $ale002$b01-01-00$cm$da $e-$fita$git $h3$i1